| 000 | 00665nam a2200205Ia 4500 | ||
|---|---|---|---|
| 999 |
_c18190 _d18190 |
||
| 082 | _a320.954 KOT-; | ||
| 100 | _aKothari, Rajni | ||
| 245 | 0 | _aPolitics and the people: in search of a humane India | |
| 260 |
_aNew Delhi _bAjanta Publications _c1989 |
||
| 300 | _a2v. | ||
| 500 | _aContents: Vol.1. (81-202-0215-5) (xLiv, 250p.) - v.2. (81-202-0212-x) (535p.) | ||
| 504 | _aIncludes bibliography | ||
| 650 | _aIndia - Foreign relations | ||
| 650 | _aPolitical sociology | ||
| 650 | _aPolitical parties - India | ||
| 650 | _aOpposition (Political science) | ||
| 650 | _aIndia - Politics and government | ||
| 650 | _aCommunalism - India | ||
| 942 |
_cBK _2ddc |
||